Claves político jurídicas para la integración Latinoamericana /

Guardado en:
Autor Principal: Biocca, Stella Maris
Formato: Libro
Idioma:Spanish
Publicado: Buenos Aires : Zavalía, 2001
Edición:1a. ed.
Materias:
Etiquetas: Agregar Etiqueta
Sin Etiquetas, Sea el primero en etiquetar este registro!
LEADER 00499nam a22001575a 4500
001 DER.der000618
008 180615s2001####ag#||||||||||||||#||spa||
005 20250228134757.0
245 1 0 |a Claves político jurídicas para la integración Latinoamericana /  |c Stella Maris Biocca 
250 |a 1a. ed. 
260 |a Buenos Aires :  |b Zavalía,  |c 2001 
300 |a 302 p. 
020 |a 9505725779 
100 1 |a Biocca, Stella Maris 
650 7 |a DERECHO INTERNACIONAL PUBLICO 
859 |a DERECHO  |b BIB. DERECHO  |h 341  |i BIO  |p 000711